000 00558nam a22002057a 4500
003 OSt
005 20140310183110.0
008 130322t xxu||||| |||| 00| 0 eng d
020 _a9789712350238
050 _aRA 410
_b.G112 2008
082 _aFIL 338.473621
_bG11 2008
245 _aHealth economics in the Philippine context
_cGabay, Bon Kristoffer G.
260 _aManila
_bRex Book Store
_cc2008
300 _a350 p.
_bill.
_c23 cm.
521 _aCollege
526 _c1210L-1700L
541 _j1
562 _e1
942 _2lcc
_cBK
_kFIL
999 _c18838
_d18838